| 000 | 00638nam a22002057a 4500 | ||
|---|---|---|---|
| 001 | 114200 | ||
| 003 | DR-UNIBE | ||
| 005 | 20251111132609.0 | ||
| 008 | 251106b2004 dr ||||| |||| 00| 0 spa d | ||
| 040 |
_aBIBLIOTECA UNIBE _cBIBLIOTECA UNIBE _erda |
||
| 041 | _aspa | ||
| 082 | _aRD 863.44 C389t | ||
| 100 | 1 |
_aCedeño C., Luis Conrado, _d1938- _eautor _9200643 |
|
| 245 | 1 | 4 |
_aLos tramposos no van al purgatorio... / _cLuis Conrado Cedeño C. |
| 260 |
_aSanto Domingo : _b[Editor no identificado], _c2004 |
||
| 300 | _a82 páginas | ||
| 650 | 7 |
_2lemb _aNovela dominicana |
|
| 650 | 7 |
_2lemb _aLiteratura dominicana |
|
| 942 |
_2ddc _cBK |
||
| 999 |
_c114200 _d114200 |
||